Pays sans les lettres de "TURQUIE" - Statistiques

Statistiques générales
  • Ce quiz a été pris 32 fois
    20 depuis la dernière actualisation
  • Le résultat moyen est 4 sur 14
Statistiques - réponses
Continents Pays % Correct
Asie Japon
67%
Amérique du Nord Canada
58%
Europe Kosovo
42%
Amérique du Nord Panama
42%
Afrique Angola
33%
Europe Monaco
33%
Océanie Samoa
33%
Afrique Ghana
25%
Asie Laos
25%
Amérique du Nord Bahamas
17%
Afrique Gabon
17%
Europe Pays-Bas
17%
Asie Oman
8%
Océanie Palaos
8%
Aucun quiz correspondant
Distribution des résultats
% des personnes avec chaque résultat
Percentile par nombre de réponses
Votre historique - résultats
Vous n’avez pas pris ce quiz depuis la dernière actualisation